000 00836nam a22001937a 4500
999 _c60638
_d60638
005 20230927113811.0
008 230927s1980 gw ||||| |||| 00| 0 ger d
041 _ager
080 _a94(3) M-97
100 _aMusiolek, Peter
_919931
245 _aKlassisches Athen /
_cPeter Musiolek, Wolfgang Schindler; Reproduktionsfotos von Volkmar Herre.
264 _aLeipzig :
_b Koehler & Amelang,
_c1980.
300 _a247 p.
_bill.,
_c 22 cm.
521 _aბიბლიოგრაფია: გვ. 230-233.
653 _aძველი ბერძნული ცივილიზაცია. საბერძნეთი -- სიძველენი
653 _aათენი(საბერძნეთი) -- სიძველენი
700 _aSchindler, Wolfgang
_eავტორი
_919932
942 _2udc
_cBK